| 000 | 00614cab a2200217 4500 | ||
|---|---|---|---|
| 001 | WB2942-42 | ||
| 008 | 090401t1993 xxu||||| |||| 00| 0 eng d | ||
| 035 | _a(Sirsi) u67725 | ||
| 041 | _aeng | ||
| 245 | _aGoddard & Smith to incorporate | ||
| 260 | _c1993 | ||
| 350 | _a0 | ||
| 490 |
_aEstates Times _v(1211) 4 November 1993, 5(1) |
||
| 520 | _aGoddard & Smith will incorporate by the end of 1993. | ||
| 650 | _aABOUT RICS-RICS MEMBERS | ||
| 650 | _aINCORPORATION | ||
| 650 | _aLIMITED COMPANIES | ||
| 690 | _aMANAGEMENT-BUSINESS MANAGEMENT-PROFESSIONAL PRACTICE | ||
| 942 | _n0 | ||
| 948 | _c04/03/1997 | ||
| 999 |
_c42407 _d42407 |
||